000 00653nam a2200217Ia 4500
005 20220929152709.0
008 131103s9999 xx 000 0 und d
040 _aLoreto College
041 _aEnglish
082 _a150.1943
_bANN
100 _aAnnett, John
245 _aFeedback and human behaviour
_b the effects of knowledge of results, incentives and reinforcement on learnig and performance
_cJohn Annett
260 _aHarmondsworth
_bPenguin Books
_c1969
300 _a196p
440 _aPenguin science of behaviour
630 _aHuman Behaviorism
650 _aPsychology
651 _aBehaviorism
850 _aLCLIB
942 _cBK
999 _c19021
_d69500